Fundamentos de derecho ambiental.

Gespeichert in:
Bibliographische Detailangaben
1. Verfasser: Bermúdez Soto, Jorge Andrés (VerfasserIn)
Format: Buch
Sprache:Spanisch
Veröffentlicht: Valparaíso, Chile: Ediciones Universitarias de Valparaíso, 2014.
Ausgabe:Segunda edición
Schlagworte:
Tags: Tag hinzufügen
Keine Tags, Fügen Sie den ersten Tag hinzu!

MARC

LEADER 00000cam a2200000 a 4500
001 UCE4159
003 CL-VaPUC
005 20230728101437.0
008 141009e20140000cl |||||||||||||||||spa|d
999 |c 357216  |d 357214 
020 |a 9789561706071 
040 |c Pontificia Universidad Católica de Valparaíso 
082 0 4 |a 344.046 BER 2014  |2 21 
100 |a Bermúdez Soto, Jorge Andrés  |e author  |9 590077 
245 1 0 |a Fundamentos de derecho ambiental. 
250 |a Segunda edición 
260 0 3 |a Valparaíso, Chile:  |b Ediciones Universitarias de Valparaíso,  |c 2014. 
300 |a 549 páginas. 
500 |a c.9 Donación Sra. María Graciela Brantt - Decana / MEMO 008/DER/ 23-11-2021 c.10 Donación Rectoria Diciembre 2022. 
583 |a last modification  |c 20141021 01:12:00  |k Rodrigo Vera 
650 0 |a Derecho ambiental   |9 257835 
650 0 |a Medio ambiente  |9 257625 
650 0 |a Derecho y legislación   |9 255077 
650 0 |a Archivo histórico PUCV  |9 255554 
650 0 |a Académicos   |x Pontificia Universidad Católica de Valparaíso (PUCV)  |9 255553 
942 |c BK  |2 ddc 
945 |d 20141009 14:36:00  |a arojas 
952 |0 0  |1 0  |2 ddc  |3 erb  |4 0  |6 344_046000000000000_BER_2014  |7 0  |8 A  |9 465069  |a BIBDER  |b BIBDER  |i 5118476  |l 8  |m 3  |o 344.046 BER 2014  |p 5118476  |r 2025-03-31  |s 2025-03-28  |t 1  |w 2019-11-23  |y BK  |z Catalogado en:20141009  |k DER 
952 |0 0  |1 0  |2 ddc  |3 erb  |4 0  |6 344_046000000000000_BER_2014  |7 0  |8 A  |9 465070  |a BIBDER  |b BIBDER  |i 5121493  |l 14  |m 2  |o 344.046 BER 2014  |p 5121493  |r 2024-10-07  |s 2024-09-11  |t 2  |w 2019-11-23  |y BK  |z Catalogado en:20141030  |k DER 
952 |0 0  |1 0  |2 ddc  |3 erb  |4 0  |6 344_046000000000000_BER_2014  |7 0  |8 A  |9 465071  |a BIBDER  |b BIBDER  |i 5121507  |l 6  |m 5  |o 344.046 BER 2014  |p 5121507  |q 2025-12-31  |r 2023-12-05  |s 2023-12-05  |t 3  |w 2019-11-23  |y BK  |z Catalogado en:20141030  |k DER 
952 |0 0  |1 0  |2 ddc  |3 erb  |4 0  |6 344_046000000000000_BER_2014  |7 0  |8 A  |9 465072  |a BIBDER  |b BIBDER  |i 5121515  |l 7  |m 4  |o 344.046 BER 2014  |p 5121515  |q 2025-06-06  |r 2025-05-07  |s 2025-05-07  |t 4  |w 2019-11-23  |y BK  |z Catalogado en:20141030  |k DER 
952 |0 0  |1 0  |2 ddc  |3 erb  |4 0  |6 344_046000000000000_BER_2014  |7 0  |8 A  |9 465073  |a BIBDER  |b BIBDER  |i 5121523  |l 2  |m 2  |o 344.046 BER 2014  |p 5121523  |q 2025-12-31  |r 2024-03-08  |s 2024-03-08  |t 5  |w 2019-11-23  |y BK  |z Catalogado en:20141030  |k DER 
952 |0 0  |1 0  |2 ddc  |3 erb  |4 0  |6 344_046000000000000_BER_2014  |7 0  |8 A  |9 465074  |a BIBDER  |b BIBDER  |i 5121531  |l 7  |m 5  |o 344.046 BER 2014  |p 5121531  |q 2025-05-13  |r 2025-05-06  |s 2025-05-06  |t 6  |w 2019-11-23  |y BK  |z Catalogado en:20141030  |k DER 
952 |0 0  |1 0  |2 ddc  |3 erb  |4 0  |6 344_046000000000000_BER_2014  |7 0  |8 A  |9 465075  |a BIBAGR  |b BIBAGR  |i 5196000  |o 344.046 BER 2014  |p 5196000  |r 2025-01-20  |t 7  |w 2019-11-23  |y BK  |z Catalogado en:20150904  |k AGR 
952 |0 0  |1 0  |2 ddc  |3 erb  |4 0  |6 344_046000000000000_BER_2014  |7 0  |8 A  |9 465076  |a BIBAGR  |b BIBAGR  |i 5196019  |o 344.046 BER 2014  |p 5196019  |r 2025-01-20  |t 8  |w 2019-11-23  |y BK  |z Catalogado en:20150904  |k AGR 
952 |0 0  |1 0  |2 ddc  |4 0  |6 344_046000000000000_BER_2014  |7 0  |8 A  |9 579461  |a BIBDER  |b BIBDER  |d 2021-12-03  |e Donación   |i 5628008  |l 15  |m 5  |o 344.046 BER 2014  |p 5628008  |r 2024-10-22  |s 2024-09-23  |t 9  |w 2021-12-03  |y BK  |k DER 
952 |0 0  |1 0  |2 ddc  |4 0  |6 344_046000000000000_BER_2014  |7 0  |8 C  |9 588732  |a BIBCUR  |b BIBCUR  |c GEN  |d 2023-01-25  |e Donación  |i 5656498  |o 344.046 BER 2014  |p 5656498  |r 2025-04-22  |t 10  |w 2023-01-25  |y BK  |k CAC